Big 4 Sports Teams - Arenas, Stadiums and Fields Quiz Stats

 Plays Quiz not verified by Sporcle

Challenge
Share
Tweet
Embed
Score 0/109 Timer 15:00
0 Plays Today
Team(s) Playing Area % Correct
Green Bay PackersLambeau Field
74.7%
Chicago BearsSoldier Field
73.1%
New York YankeesYankee Stadium
72.5%
Chicago CubsWrigley Field
70.3%
Boston Red SoxFenway Park
69.2%
Atlanta FalconsGeorgia Dome
67%
Los Angeles Lakers/Clippers/KingsStaples Center
66.5%
New York Giants/JetsMetLife Stadium
65.4%
New York Knicks/RangersMadison Square Garden
64.8%
Kansas City ChiefsArrowhead Stadium
64.3%
New England PatriotsGillette Stadium
62.6%
New Orleans SaintsMercedes-Benz Superdome
62.1%
Pittsburgh SteelersHeinz Field
61.5%
Arizona CardinalsUniversity of Phoenix Stadium
61%
Denver BroncosSports Authority Field At Mile High
59.9%
Chicago Bulls/BlackhawksUnited Center
59.3%
Detroit LionsFord Field
58.8%
Indianapolis ColtsLucas Oil Stadium
57.7%
Los Angeles DodgersDodger Stadium
57.1%
Miami HeatAmerican Airlines Arena
56.6%
Baltimore OriolesOriole Park at Camden Yards
56%
Washington RedskinsFedEx Field
55.5%
Dallas CowboysAT&T Stadium
54.4%
Atlanta BravesTurner Field
54.4%
Chicago White SoxU.S. Cellular Field
53.8%
Colorado RockiesCoors Field
53.3%
Tampa Bay RaysTropicana Field
53.3%
Denver Nuggets/Colorado AvalanchePepsi Center
52.7%
Brooklyn NetsBarclays Center
52.2%
Detroit PistonsThe Palace of Auburn Hills
52.2%
Baltimore RavensM&T Bank Stadium
50.5%
Carolina PanthersBank of America Stadium
50.5%
Washington Wizards/CapitalsVerizon Center
50.5%
Cleveland IndiansProgressive Field
50%
New York MetsCiti Field
50%
Boston Celtics/BruinsTD Garden
48.9%
Philadelphia EaglesLincoln Financial Field
48.4%
Team(s) Playing Area % Correct
Minnesota TwinsTarget Field
48.4%
St. Louis CardinalsBusch Stadium
48.4%
San Diego PadresPetco Park
47.8%
Cincinnati BengalsPaul Brown Stadium
46.7%
Buffalo BillsRalph Wilson Stadium
46.2%
San Diego ChargersQualcomm Stadium
46.2%
Cincinnati RedsGreat American Ball Park
46.2%
Washington NationalsNationals Park
46.2%
Pittsburgh PiratesPNC Park
45.6%
Toronto Blue JaysRogers Centre
45.6%
Detroit TigersComerica Park
45.1%
Dallas Mavericks/StarsAmerican Airlines Center
44.5%
Arizona DiamondbacksChase Field
44.5%
San Francisco GiantsAT&T Park
44.5%
Houston AstrosMinute Maid Park
42.9%
Kansas City RoyalsKauffman Stadium
42.3%
Milwaukee BrewersMiller Park
42.3%
Toronto Raptors/Maple LeafsAir Canada Centre
41.8%
Houston TexansReliant Stadium
40.1%
Miami MarlinsMarlins Park
40.1%
Miami DolphinsSun Life Stadium
39.6%
Golden State WarriorsOracle Arena
39.6%
Seattle MarinersSafeco Field
39.6%
Tampa Bay BuccaneersRaymond James Stadium
39%
Cleveland CavaliersQuicken Loans Arena
39%
Philadelphia PhilliesCitizens Bank Park
39%
Oakland Raiders/AthleticsO.co Coliseum
37.9%
Minnesota TimberwolvesTarget Center
37.4%
Philadelphia 76ers/FlyersWells Fargo Center
37.4%
Detroit Red WingsJoe Louis Arena
37.4%
Houston RocketsToyota Center
35.2%
San Antonio SpursAT&T Center
34.6%
San Francisco 49ersLevis Stadium
34.1%
Anaheim DucksHonda Center
34.1%
Seattle SeahawksCenturyLink Field
33.5%
Los Angeles Angles of AnaheimAngel Stadium of Anaheim
33.5%
St. Louis RamsEdward Jones Dome
31.3%
Team(s) Playing Area % Correct
Montreal CanadiensBell Centre
30.8%
Atlanta HawksPhilips Arena
30.2%
Orlando MagicAmway Center
29.1%
New Jersey DevilsPrudential Center
29.1%
Memphis GrizzliesFedEx Forum
28.6%
Jacksonville JaguarsEverBank Field
28%
New York IslandersNassau Veterans Memorial Coliseum
26.9%
Tennessee TitansLP Field
25.8%
Texas RangersRangers Ballpark In Arlington
25.3%
Vancouver CanucksRogers Arena
23.6%
Indiana PacersBankers Life Fieldhouse
23.1%
Oklahoma City ThunderChesapeake Energy Arena
22.5%
Cleveland BrownsFirstEnergy Stadium
21.4%
Charlotte BobcatsTime Warner Cable Arena
21.4%
Utah JazzEnergySolutions Arena
21.4%
Phoenix SunsUS Airways Center
20.9%
Columbus Blue JacketsNationwide Arena
20.9%
Nashville PredatorsBridgestone Arena
19.8%
Sacramento KingsSleep Train Arena
18.1%
Edmonton OilersRexall Place
18.1%
St. Louis BluesScottrade Center
18.1%
Minnesota WildXcel Energy Center
17.6%
Portland Trail BlazersModa Center
16.5%
Pittsburgh PenguinsConsol Energy Center
15.9%
Minnesota VikingsTCF Bank Stadium
15.4%
Milwaukee BucksBMO Harris Bradley Center
15.4%
Calgary FlamesScotiabank Saddledome
15.4%
San Jose SharksSAP Center at San Jose
14.8%
Winnipeg JetsMTS Centre
14.8%
Carolina HurricanesPNC Arena
14.3%
Ottawa SenatorsCanadian Tire Centre
14.3%
Florida PanthersBB&T Center
11.5%
Tampa Bay LightningTampa Bay Times Forum
11%
New Orleans PelicansNew Orleans Center
8.2%
Buffalo SabresFirst Niagra Center
7.1%

You're not logged in!

Compare scores with friends on all Sporcle quizzes.
Join for Free
OR
Log In

You Might Also Like...

Show Comments

Extras

Top Quizzes Today


Score Distribution

Your Account Isn't Verified!

In order to create a playlist on Sporcle, you need to verify the email address you used during registration. Go to your Sporcle Settings to finish the process.

Report this User

Report this user for behavior that violates our Community Guidelines.

Details: